United Kingdom B Quiz - Statistics

General Stats
  • This quiz has been taken 53 times
    30 since last reset
  • The average score is 9 of 20
Answer Stats
Hint Answer % Correct
John Paul George and Ringo The Beatles
100%
Official residence of the King in London Buckingham Palace
94%
Labour Prime Minister who saw the UK into the Millenium Blair
88%
Oscar winning film portraying the life of William Wallace Braveheart
88%
Tallest mountain in the United Kingdom Ben Nevis
75%
Holiday camps, initiated in Skegness Butlins
56%
Home to the tower ballroom Blackpool
50%
Shopping centre in Birmingham Bullring
50%
Surname of DJ who started on Radio Caroline Blackburn
38%
Famed for bridges, railways and so much more, he also helped develop SS Great Britain Brunel
38%
Country house near Milton Keynes, housing the Code and Cypher school Bletchley Park
31%
National Park within Wales Brecon Beacons
31%
Home of SS Great Britain Bristol
31%
Palace that lost its golden toilet Blenheim
25%
Former rugby union player for England Beaumont
19%
Acting roles from the Earl of Grantham and Paddington's landlord Bonneville
19%
Universal Studios comes to Britain? Bedford
13%
The first motor racing banked circuit ever built Brooklands
6%
A musical song in 1900 composed by Harry B. Norris Burlington Bertie
6%
Famous library in Oxford Bodleian
0%
No matching quizzes found
Score Distribution
Percent of People with Each Score
Percentile by Number Answered
Your Score History
You have not taken this quiz since the last reset